[Event "N3_Gr_12"]
[Site "?"]
[Date "2003.12.07"]
[Round "4.7"]
[White "Bertin, Jean-Loup"]
[Black "Gerest, Yves"]
[Result "0-1"]
[WhiteElo "1960"]
[BlackElo "1840"]
[PlyCount "76"]
[EventDate "2004.??.??"]

1. d4 e6 2. c4 b6 3. e4 Bb7 4. Bd3 Bb4+ 5. Nc3 d5 6. cxd5 exd5 7. e5 Nd7 8. a3
Be7 9. Qg4 g6 10. h4 Nf8 11. Nf3 Qd7 12. Qxd7+ Kxd7 13. h5 gxh5 14. Rxh5 h6 15.
Be3 Ne6 16. b4 a5 17. b5 Re8 18. Kd2 Bf8 19. g4 Bg7 20. Rah1 f6 21. exf6 Nxf6
22. Ne5+ Kc8 23. R5h4 Ne4+ 24. Bxe4 dxe4 25. Rh5 Nxd4 26. Bxd4 e3+ 27. fxe3
Bxh1 28. Ng6 Rhg8 29. Bxg7 Rxg7 30. Rxh6 Be4 31. Nf4 Rxg4 32. Rf6 Rh4 33. Rf7
Rh2+ 34. Ke1 Bg6 35. Rxc7+ Kxc7 36. Ncd5+ Kd6 37. Nxg6 Kxd5 38. Nf4+ Kc4 0-1

[Event "N3_Gr_12"]
[Site "?"]
[Date "2003.12.07"]
[Round "4.9"]
[White "Fantin, Alison"]
[Black "Agrusti, Gaetan"]
[Result "1-0"]
[WhiteElo "1820"]
[BlackElo "1660"]
[PlyCount "91"]
[EventDate "2004.??.??"]

1. e4 c5 2. Nf3 d6 3. d4 cxd4 4. Nxd4 a6 5. Nc3 Nf6 6. f3 e6 7. a4 Be7 8. Be2
O-O 9. O-O Nbd7 10. Nb3 b6 11. Be3 Bb7 12. Qd2 d5 13. exd5 Nxd5 14. Nxd5 Bxd5
15. c4 Bb7 16. Rfd1 Nc5 17. Qc3 Qc7 18. Nd4 Bf6 19. b4 Nd7 20. Qd2 Rfd8 21.
Rac1 Rac8 22. Qc2 Be7 23. Rb1 a5 24. Nb5 Qe5 25. Bd4 Qg5 26. bxa5 bxa5 27. Bc3
Ne5 28. Nd4 Bb4 29. Bxb4 axb4 30. Rxb4 Ba6 31. Nb5 Qe3+ 32. Kh1 Nc6 33. Rb3 Qf2
34. Rbd3 Rxd3 35. Qxd3 g6 36. Rf1 Qh4 37. Rd1 Ne5 38. Qd6 Bxb5 39. cxb5 Nc4 40.
Bxc4 Qxc4 41. Qa6 Qc1 42. Qd6 Qc2 43. a5 Rc5 44. b6 Rc6 45. Qd8+ Kg7 46. b7 1-0

[Event "N3_Gr_12"]
[Site "?"]
[Date "2003.12.07"]
[Round "4.1"]
[White "Girardon, Jerome"]
[Black "Cursoux, Laurent"]
[Result "1-0"]
[WhiteElo "2180"]
[BlackElo "2221"]
[PlyCount "65"]
[EventDate "2004.??.??"]

1. e4 c5 2. Nf3 d6 3. d4 cxd4 4. Nxd4 Nf6 5. Nc3 g6 6. Be3 Bg7 7. f3 O-O 8. Bc4
Nc6 9. Qd2 Bd7 10. Bb3 Rc8 11. h4 h5 12. O-O-O Na5 13. Kb1 Nxb3 14. cxb3 a6 15.
Nde2 b5 16. Nf4 a5 17. Ncd5 Rc6 18. Nxf6+ Bxf6 19. Nd5 Bg7 20. Bh6 e6 21. Bxg7
Kxg7 22. Nc3 Rb6 23. e5 d5 24. Ne2 b4 25. g4 Rh8 26. Nf4 hxg4 27. fxg4 Rxh4 28.
Qf2 Rxh1 29. Rxh1 Qg5 30. Qe3 Qxg4 31. Nxe6+ fxe6 32. Qh6+ Kf7 33. Qh7+ 1-0

[Event "N3_Gr_12"]
[Site "?"]
[Date "2003.12.07"]
[Round "4.2"]
[White "Ballo, Michel"]
[Black "Bouchot, Frederic"]
[Result "1-0"]
[WhiteElo "2106"]
[BlackElo "2170"]
[PlyCount "77"]
[EventDate "2004.??.??"]

1. d4 Nc6 2. c4 e5 3. d5 Nce7 4. e4 Ng6 5. Be3 Bb4+ 6. Nd2 Nf6 7. f3 Nxe4 8.
fxe4 Qh4+ 9. Ke2 Bxd2 10. Kxd2 Qxe4 11. Qc2 Qg4 12. g3 d6 13. Be2 Qd7 14. h4
O-O 15. Nh3 Qe7 16. h5 Nh8 17. Ng5 f5 18. Raf1 h6 19. Nh3 Bd7 20. Bd3 Qf7 21.
g4 c6 22. g5 cxd5 23. gxh6 gxh6 24. Bxh6 Qf6 25. Bg5 Qe6 26. Rhg1 Kh7 27. Be3
d4 28. Ng5+ Kh6 29. Nxe6+ dxe3+ 30. Kxe3 f4+ 31. Nxf4 exf4+ 32. Rxf4 Rae8+ 33.
Re4 Rxe4+ 34. Kxe4 Bc6+ 35. Kd4 Rf4+ 36. Kc3 b5 37. Qd2 b4+ 38. Kxb4 a5+ 39.
Kxa5 1-0

[Event "N3_Gr_12"]
[Site "?"]
[Date "2003.12.07"]
[Round "4.3"]
[White "Lauferon, Patrick"]
[Black "Etlicher, Dominique"]
[Result "1-0"]
[WhiteElo "2195"]
[BlackElo "1990"]
[PlyCount "124"]
[EventDate "2004.??.??"]

1. d4 Nf6 2. c4 e6 3. Nc3 Bb4 4. e3 b6 5. Nge2 Ne4 6. Qc2 Bb7 7. f3 Nxc3 8.
Nxc3 c5 9. Bd3 cxd4 10. exd4 Nc6 11. Be3 Qh4+ 12. Bf2 Qf6 13. a3 Bxc3+ 14. Qxc3
O-O 15. O-O Rac8 16. b4 Rfd8 17. Rfd1 Ne7 18. Qd2 Ng6 19. Be3 h6 20. Rac1 Nh4
21. Qf2 Nf5 22. Bb1 d5 23. c5 e5 24. dxe5 Qxe5 25. Bxf5 Qxf5 26. cxb6 axb6 27.
Bxb6 Re8 28. Bd4 Rxc1 29. Rxc1 Qd3 30. Bc5 Re2 31. Qd4 Qxa3 32. Ra1 Qb3 33. h4
Qb2 34. Qxb2 Rxb2 35. Kh2 Bc6 36. Kg3 Re2 37. Rg1 Bb5 38. Kf4 Bd3 39. g4 Re6
40. Ra1 Ra6 41. Rxa6 Bxa6 42. Ke5 Be2 43. Kf4 f6 44. Ke3 Bd1 45. b5 Ba4 46. b6
Bc6 47. Kd4 Kf7 48. f4 g6 49. h5 f5 50. Ke5 fxg4 51. hxg6+ Kxg6 52. f5+ Kf7 53.
Kf4 h5 54. Bd4 Ke7 55. Kg5 g3 56. Kg6 Be8+ 57. Kg7 Kd6 58. Kf8 Bd7 59. f6 h4
60. Be5+ Kxe5 61. b7 Kxf6 62. b8=Q Kg6 1-0

[Event "N3_Gr_12"]
[Site "?"]
[Date "2003.12.07"]
[Round "4.4"]
[White "Zouaoui, Hamide"]
[Black "Romieu, Jean-Louis"]
[Result "1-0"]
[WhiteElo "2050"]
[BlackElo "1974"]
[PlyCount "111"]
[EventDate "2004.??.??"]

1. e4 c5 2. Nc3 Nc6 3. f4 g6 4. Nf3 Bg7 5. Bc4 e6 6. d3 Nge7 7. O-O d5 8. Bb3
O-O 9. Qe1 Nd4 10. Nxd4 cxd4 11. Nb1 dxe4 12. dxe4 b6 13. Bc4 Bb7 14. Bd3 Nc6
15. a3 Rc8 16. Nd2 Qe7 17. Nf3 h6 18. Qg3 Kh8 19. Bd2 Rg8 20. Rae1 Qc5 21. Ng5
Rgf8 22. Qh3 Kg8 23. b4 Qd6 24. e5 Qd8 25. Ne4 a5 26. Nd6 Rc7 27. Nc4 axb4 28.
axb4 Rd7 29. f5 exf5 30. Bxh6 Nxb4 31. e6 Re7 32. Bg5 f6 33. Bf4 Nxd3 34. cxd3
Rfe8 35. Nd6 Bd5 36. Nxe8 Qxe8 37. Qg3 Bxe6 38. Bd6 Rd7 39. Rf2 Qf7 40. Rfe2
Bd5 41. Re8+ Kh7 42. Qh4+ Bh6 43. R8e7 Rxd6 44. Rxf7+ Bxf7 45. Re7 Kg7 46.
Rxf7+ Kxf7 47. Qxh6 g5 48. Qh7+ Ke6 49. Qc7 b5 50. Kf2 Kd5 51. Qc8 f4 52. Ke2
Re6+ 53. Kf2 Rd6 54. Kf3 Ke5 55. Qc5+ Rd5 56. Qe7+ 1-0

[Event "N3_Gr_12"]
[Site "?"]
[Date "2003.12.07"]
[Round "4.5"]
[White "Gallini, Patrice"]
[Black "Treveys, Maxime"]
[Result "1-0"]
[WhiteElo "2049"]
[BlackElo "1730"]
[PlyCount "43"]
[EventDate "2004.??.??"]

1. d4 Nf6 2. Nc3 g6 3. e4 d6 4. f4 Bg7 5. e5 dxe5 6. fxe5 Nd5 7. Bc4 c6 8. Nf3
O-O 9. O-O h6 10. Ne4 b6 11. Qe1 Be6 12. Qh4 h5 13. c3 f6 14. Bd3 Bf7 15. Qg3
Nd7 16. e6 Bxe6 17. Qxg6 Bf7 18. Qg3 Kh8 19. Nh4 Rg8 20. Nd6 exd6 21. Ng6+ Kh7
22. Ne5+ 1-0

[Event "N3_Gr_12"]
[Site "?"]
[Date "2003.12.07"]
[Round "4.6"]
[White "Tiero, Filbert"]
[Black "Jallerat, Denis"]
[Result "1-0"]
[WhiteElo "1910"]
[BlackElo "1980"]
[PlyCount "67"]
[EventDate "2004.??.??"]

1. d4 Nf6 2. c4 e6 3. Nc3 b6 4. e4 d6 5. Nf3 Bb7 6. Bd3 Nbd7 7. O-O Be7 8. Be3
O-O 9. Nd2 c5 10. d5 Ne5 11. Be2 exd5 12. cxd5 Bc8 13. h3 a6 14. a4 Bd7 15. Bf4
Ng6 16. Bg3 Qc7 17. f4 Rfe8 18. Bd3 Bf8 19. Qe2 Bc8 20. Rae1 Bb7 21. Qf3 Rad8
22. Nc4 Rd7 23. h4 Red8 24. h5 Nh8 25. Bh4 Be7 26. g4 Ne8 27. g5 f6 28. Ne3 Nf7
29. g6 Nh6 30. gxh7+ Kh8 31. Bg3 Qb8 32. e5 dxe5 33. fxe5 fxe5 34. Qf8+ 1-0

[Event "N3_Gr_12"]
[Site "?"]
[Date "2003.12.07"]
[Round "4.7"]
[White "Perisse, Loic"]
[Black "Lafrechoux, Laurent"]
[Result "1/2-1/2"]
[WhiteElo "2030"]
[BlackElo "1750"]
[PlyCount "83"]
[EventDate "2004.??.??"]

1. e4 c5 2. c3 e6 3. d4 d5 4. e5 Nc6 5. Nf3 Nge7 6. a3 c4 7. b4 cxb3 8. Qxb3
Na5 9. Qc2 Qc7 10. Nbd2 Bd7 11. Be2 Rc8 12. Bb2 Ng6 13. g3 h5 14. Bd3 Ne7 15.
O-O g6 16. Nh4 Nf5 17. Nxf5 gxf5 18. f4 h4 19. Qd1 Be7 20. Qe2 a6 21. Rfc1 Nc4
22. Nf1 hxg3 23. hxg3 Ba4 24. Ne3 Nxe3 25. Qxe3 Bb5 26. Kg2 Kd7 27. Rh1 Bc4 28.
Be2 Qb6 29. Qd2 Qb3 30. Bd1 Qb5 31. a4 Qa5 32. Rxh8 Rxh8 33. Ba3 b5 34. Bxe7
Kxe7 35. Qb2 Qc7 36. Qb4+ Kd7 37. axb5 Bxb5 38. Ra5 Rb8 39. Ba4 Qc6 40. Bxb5
Rxb5 41. Rxb5 Qxb5 42. Qf8 1/2-1/2

[Event "N3_Gr_12"]
[Site "?"]
[Date "2003.12.07"]
[Round "4.8"]
[White "Barnes, Pierrick"]
[Black "Moreira, Philippe"]
[Result "1-0"]
[WhiteElo "1930"]
[BlackElo "2032"]
[PlyCount "175"]
[EventDate "2004.??.??"]

1. e4 d5 2. exd5 Nf6 3. Nf3 Nxd5 4. d4 Bg4 5. Be2 Nc6 6. c3 e6 7. O-O Be7 8.
Ne5 Nxe5 9. Bxg4 Nxg4 10. Qxg4 h5 11. Qe2 Qd7 12. Nd2 O-O-O 13. Nf3 h4 14. Ne5
Qe8 15. Bd2 g5 16. Rad1 Qg8 17. c4 Nf4 18. Bxf4 gxf4 19. Qg4 h3 20. Qxg8 Rdxg8
21. g3 Rg7 22. Kh1 fxg3 23. fxg3 f6 24. Nd3 Bd8 25. b3 b6 26. Nf4 e5 27. dxe5
fxe5 28. Ne6 Rd7 29. Rxd7 Kxd7 30. Nxd8 Kxd8 31. Re1 Rf8 32. Kg1 Rf5 33. Re4
Rh5 34. g4 Rg5 35. Kf2 Kd7 36. Kg3 Kd6 37. Kxh3 Ke6 38. Kg3 Rg8 39. h4 a5 40.
a4 Kf6 41. Re3 Rg7 42. Rf3+ Ke6 43. g5 e4 44. Rf6+ Ke5 45. Kg4 e3 46. Rf1 Ke4
47. h5 e2 48. Re1 Ke3 49. h6 Rd7 50. g6 Rd1 51. Rxe2+ Kxe2 52. g7 Kd3 53. Kf4
Rg1 54. h7 Rxg7 55. h8=Q Rf7+ 56. Ke5 Kc2 57. Qh3 Re7+ 58. Kd5 Rf7 59. c5 Rf6
60. cxb6 Rxb6 61. Qh2+ Kxb3 62. Qxc7 Rb4 63. Qxa5 Rxa4 64. Qb5+ Rb4 65. Qd3+
Ka4 66. Kc5 Rh4 67. Qd1+ Ka3 68. Qf3+ Ka4 69. Qa8+ Kb3 70. Qb8+ Ka4 71. Qe8+
Ka3 72. Qe5 Ka4 73. Qe2 Kb3 74. Qd1+ Ka3 75. Qf3+ Ka4 76. Qe2 Kb3 77. Qe6+ Ka3
78. Qf6 Rh3 79. Kc4 Ka2 80. Qf5 Rh2 81. Kc3 Rb2 82. Qa5+ Kb1 83. Qa4 Rb8 84.
Qd1+ Ka2 85. Qd5+ Kb1 86. Qf5+ Ka2 87. Qf2+ Kb1 88. Qg1+ 1-0

[Event "N3_Gr_12"]
[Site "?"]
[Date "2003.12.07"]
[Round "4.9"]
[White "Romieu, Flore"]
[Black "Cursoux, Valerie"]
[Result "1-0"]
[WhiteElo "1976"]
[BlackElo "1300"]
[PlyCount "39"]
[EventDate "2004.??.??"]

1. e4 c6 2. Nc3 d5 3. Nf3 Bg4 4. h3 Bh5 5. exd5 cxd5 6. Bb5+ Nc6 7. g4 Bg6 8.
Ne5 Qd6 9. d4 O-O-O 10. Bxc6 bxc6 11. Qe2 Kb7 12. Bf4 Qf6 13. Qd2 h6 14. Na4 e6
15. Nc5+ Bxc5 16. dxc5 Ne7 17. Qb4+ Ka8 18. Qa4 Be4 19. Nxc6 Nxc6 20. Qxc6# 1-0

[Event "N3_Gr_12"]
[Site "?"]
[Date "2004.03.14"]
[Round "7.6"]
[White "Sauvadet, F."]
[Black "Poncet, Alain"]
[Result "1/2-1/2"]
[WhiteElo "2011"]
[BlackElo "1860"]
[PlyCount "141"]
[EventDate "2004.??.??"]

1. d4 Nf6 2. Nf3 d5 3. c4 e6 4. Nc3 Bb4 5. Bg5 O-O 6. e3 Nbd7 7. a3 Bxc3+ 8.
bxc3 c6 9. Qb3 Qb6 10. Qb4 Qxb4 11. cxb4 Re8 12. Bf4 a5 13. Rb1 axb4 14. axb4
dxc4 15. Bxc4 b6 16. O-O Ba6 17. b5 Bxb5 18. Bxb5 cxb5 19. Rxb5 19... Ra5 $11
20. Rfb1 Rea8 21. h3 Ne4 22. Ne5 Rxb5 23. Rxb5 Nxe5 24. Bxe5 f6 25. Bc7 Ra1+
26. Kh2 Nxf2 27. Rxb6 Kf7 28. Rb7 Kg6 29. Rb2 Ne4 30. Rb6 Kf7 31. Bf4 Ra7 32.
Rb2 Rd7 33. g4 h6 34. Kg2 Ke7 35. Kf3 Ng5+ 36. Kg2 Nf7 37. Rb5 Nd6 38. Rb8 Nc4
39. Rc8 Nb6 40. Rc5 Nd5 41. Kf3 Nxf4 42. Kxf4 Kf7 43. h4 g5+ 44. hxg5 hxg5+ 45.
Ke4 Ke7 46. Kd3 Ra7 47. Rc2 Kf7 48. Ke2 Rd7 49. Kf3 Kg6 50. Rc6 Kf7 51. Rb6 Ke7
52. Rb8 Kf7 53. Ke4 Re7 54. Rb5 Rd7 55. Kf3 Kg6 56. Rb4 Rc7 57. Rb3 Rd7 58. Rd3
Kf7 59. e4 Ke7 60. Ke3 Rd8 61. d5 exd5 62. exd5 Kd6 63. Ke4 Rb8 64. Kf5 Rb4 65.
Kxf6 Rxg4 66. Kf5 Rg1 67. Ke4 Re1+ 68. Kf3 Re5 69. Kg4 Rxd5 70. Rxd5+ Kxd5 71.
Kxg5 1/2-1/2

[Event "N3_Gr_12"]
[Site "?"]
[Date "2004.03.14"]
[Round "7.1"]
[White "Bruneau, Francois"]
[Black "Kuzev, Jordan"]
[Result "0-1"]
[WhiteElo "2039"]
[BlackElo "2369"]
[PlyCount "80"]
[EventDate "2004.??.??"]

1. e4 c5 2. Nc3 Nc6 3. Bb5 Nd4 4. Bc4 e6 5. Nge2 a6 6. Nxd4 cxd4 7. Ne2 b5 8.
Bb3 Bb7 9. d3 Bb4+ 10. Bd2 Bc5 11. O-O Ne7 12. c3 Nc6 13. Rc1 Qb6 14. Qe1 O-O
15. Kh1 a5 16. f4 a4 17. Bd1 f5 18. cxd4 Nxd4 19. Rxc5 Nxe2 20. Re5 Nd4 21. Be3
Qd6 22. Qc3 Nc6 23. Rxb5 Ba6 24. Bc5 Qc7 25. Rb6 d6 26. Be3 Bb7 27. exf5 Rxf5
28. Bg4 Rf6 29. Rc1 Rc8 30. Qc4 d5 31. Qxa4 d4 32. Qb3 dxe3 33. Rxb7 Qxf4 34.
Bf3 e2 35. Qc4 Qxc4 36. dxc4 Nd4 37. b3 Rd8 38. Bxe2 Nxe2 39. Re1 Rd2 40. a4
Nd4 0-1

[Event "N3_Gr_12"]
[Site "?"]
[Date "2004.03.14"]
[Round "7.1"]
[White "Rouler, Charly"]
[Black "Vidal, Guillaume"]
[Result "1-0"]
[WhiteElo "2252"]
[BlackElo "2094"]
[PlyCount "55"]
[EventDate "2004.??.??"]

1. d4 Nf6 2. c4 e6 3. Nc3 b6 4. e4 d5 5. cxd5 exd5 6. e5 Ne4 7. Bd3 f5 8. exf6
Nxf6 9. Bg5 Be7 10. Bxf6 Bxf6 11. Qh5+ g6 12. Qxd5 Qxd5 13. Nxd5 Bd8 14. Nxc7+
Kf7 15. Nxa8 Bb7 16. Bc4+ Kg7 17. d5 Re8+ 18. Ne2 Bxa8 19. O-O-O Bf6 20. Kb1
Nd7 21. Nf4 Re4 22. Ne6+ Kf7 23. Bb5 Ne5 24. Nc7 Bb7 25. f3 Rb4 26. a3 Rb3 27.
Ka2 Re3 28. Rhe1 1-0

[Event "N3_Gr_12"]
[Site "?"]
[Date "2004.03.14"]
[Round "7.2"]
[White "Genevrier, Pascal"]
[Black "Chassain, Denis"]
[Result "1/2-1/2"]
[WhiteElo "2170"]
[BlackElo "2330"]
[PlyCount "59"]
[EventDate "2004.??.??"]

1. e4 d6 2. d4 Nf6 3. Nc3 Nbd7 4. Nf3 e5 5. Bc4 Be7 6. O-O O-O 7. Re1 c6 8. a4
b6 9. d5 c5 10. a5 bxa5 11. Nd2 a6 12. Bf1 Ne8 13. Nc4 Bg5 14. Nxa5 Bxc1 15.
Qxc1 Qc7 16. Ra3 Nb8 17. f4 exf4 18. Qxf4 Nd7 19. Nc4 f6 20. Rea1 Ne5 21. Qc1
Nxc4 22. Bxc4 a5 23. Nb1 Qe7 24. Bd3 f5 25. exf5 Bxf5 26. Bxf5 Rxf5 27. Nc3 Re5
28. Qd2 Nf6 29. h3 h5 30. Rf1 1/2-1/2

[Event "N3_Gr_12"]
[Site "?"]
[Date "2004.03.14"]
[Round "7.3"]
[White "Duluc, Jeremie"]
[Black "Rue, Pascal"]
[Result "0-1"]
[WhiteElo "2195"]
[BlackElo "2138"]
[PlyCount "78"]
[EventDate "2004.??.??"]

1. Nf3 Nf6 2. d4 g6 3. c3 Bg7 4. Bg5 d6 5. Nbd2 O-O 6. e4 b6 7. Bd3 Bb7 8. O-O
Nbd7 9. Qc2 e5 10. dxe5 dxe5 11. b4 Qe7 12. Nc4 h6 13. Bh4 Rfe8 14. Rfe1 Qf8
15. Ne3 a6 16. Rad1 Rac8 17. Nc4 b5 18. Na5 Ba8 19. Bxf6 Nxf6 20. a4 c5 21.
bxc5 Qxc5 22. axb5 axb5 23. Qb2 Qxc3 24. Qxc3 Rxc3 25. Bxb5 Rb8 26. Bd3 Nh5 27.
Nc4 f6 28. Ne3 Nf4 29. Bc4+ Kh8 30. Bd5 Nxd5 31. Nxd5 Rc4 32. Nh4 Kh7 33. f3
Bxd5 34. Rxd5 Rc2 35. Rd7 h5 36. Ra1 Kh6 37. g3 Bf8 38. Rad1 Bc5+ 39. Kh1 Rbb2
0-1

[Event "N3_Gr_12"]
[Site "?"]
[Date "2004.03.14"]
[Round "7.4"]
[White "Desterne, Romain"]
[Black "Bonnamour, Matthieu"]
[Result "1/2-1/2"]
[WhiteElo "2050"]
[BlackElo "2049"]
[PlyCount "74"]
[EventDate "2004.??.??"]

1. d4 g6 2. c4 Bg7 3. Nc3 d6 4. e4 Nd7 5. Be2 e5 6. d5 Ne7 7. h4 f5 8. h5 Nc5
9. hxg6 hxg6 10. Rxh8+ Bxh8 11. exf5 Nxf5 12. Nh3 Nd4 13. Bg4 Bxg4 14. Qxg4 Qf6
15. Bg5 Qf5 16. Qxf5 gxf5 17. O-O-O f4 18. b4 Nd7 19. g3 fxg3 20. fxg3 Bf6 21.
Rf1 Bxg5+ 22. Nxg5 O-O-O 23. Kd2 Rf8 24. Rxf8+ Nxf8 25. Kd3 Kd7 26. Nce4 Ke7
27. a4 Nd7 28. c5 Nf6 29. Kc4 b6 30. c6 a6 31. Nxf6 Kxf6 32. Ne4+ Ke7 33. b5 a5
34. g4 Nc2 35. Nd2 Ne3+ 36. Kd3 Nxg4 37. Nc4 Nf6 1/2-1/2

[Event "N3_Gr_12"]
[Site "?"]
[Date "2004.03.14"]
[Round "7.5"]
[White "Piat, Jerome"]
[Black "Marie, Adrien"]
[Result "1-0"]
[WhiteElo "2085"]
[BlackElo "2040"]
[PlyCount "45"]
[EventDate "2004.??.??"]

1. e4 e6 2. d4 d5 3. Nc3 dxe4 4. Nxe4 Nd7 5. Nf3 Ngf6 6. Bg5 Be7 7. Nxf6+ Nxf6
8. Bc4 O-O 9. O-O b6 10. Re1 Bb7 11. Ne5 Nd5 12. Bxe7 Qxe7 13. Qg4 Rfd8 14.
Rad1 c5 15. dxc5 bxc5 16. Bb5 Qc7 17. Nd3 a6 18. Bc4 Nb6 19. Bxe6 fxe6 20.
Qxe6+ Kh8 21. Ne5 Rf8 22. Rd3 Rae8 23. Ng6+ 1-0

[Event "N3_Gr_12"]
[Site "?"]
[Date "2004.03.14"]
[Round "7.6"]
[White "Mademone, Mohamed"]
[Black "Cordonnier, Claude"]
[Result "1/2-1/2"]
[WhiteElo "1720"]
[BlackElo "1830"]
[PlyCount "86"]
[EventDate "2004.??.??"]

1. d3 d5 2. c3 Nf6 3. Nf3 e6 4. Qc2 c5 5. e4 Nc6 6. Bg5 Be7 7. Be2 e5 8. O-O
O-O 9. Rd1 Be6 10. Nbd2 Qc7 11. Bh4 h6 12. h3 Rac8 13. Bg3 Bd6 14. exd5 Bxd5
15. Ne4 Nxe4 16. dxe4 Be6 17. Nd2 Na5 18. b3 Rfd8 19. Nf1 Nc6 20. Ne3 f6 21.
Nd5 Qf7 22. Rd2 Rd7 23. Rad1 Rcd8 24. Bc4 Bf8 25. Ne3 Na5 26. Bd5 Nc6 27. f3 g6
28. Bh4 Bg7 29. Ng4 g5 30. Bf2 Bxd5 31. exd5 Rxd5 32. Bxc5 f5 33. Ne3 Rxd2 34.
Rxd2 Rxd2 35. Qxd2 Qe6 36. Qd3 f4 37. Qd5 Kf7 38. Qxe6+ Kxe6 39. Nd1 Kf5 40.
Nf2 h5 41. Ne4 g4 42. Nd6+ Ke6 43. Nxb7 gxh3 1/2-1/2

[Event "N3_Gr_12"]
[Site "?"]
[Date "2004.03.14"]
[Round "7.7"]
[White "Quenolle, Philippe"]
[Black "Pons, Jean Marc"]
[Result "1/2-1/2"]
[WhiteElo "1900"]
[BlackElo "1499"]
[PlyCount "96"]
[EventDate "2004.??.??"]

1. e4 e6 2. d4 d5 3. Nc3 Nf6 4. e5 Nfd7 5. Nce2 c5 6. f4 Nc6 7. Nf3 Qb6 8. c3
cxd4 9. Nexd4 Nc5 10. g3 Bd7 11. Bh3 Ne4 12. O-O O-O-O 13. Qc2 Kb8 14. Be3 Na5
15. Kh1 Nc4 16. Bc1 h5 17. b3 Na5 18. Qd3 h4 19. g4 Be7 20. Be3 Qc7 21. Rfc1
Ba3 22. Rc2 a6 23. Kg1 Rc8 24. c4 Nc5 25. Qc3 Ne4 26. Qd3 Nc5 27. Qc3 Ne4 28.
Qe1 dxc4 29. b4 Nc6 30. Rxc4 Nxd4 31. Rxd4 Bb2 32. Rxd7 Qxd7 33. Rd1 Qa4 34. f5
Nc3 35. Rd6 Qxa2 36. fxe6 fxe6 37. g5 Ne4 38. Bxe6 Qa3 39. Bxc8 Rxc8 40. Kg2
Nxd6 41. exd6 Qd3 42. Bc5 h3+ 43. Kf2 Rf8 44. Qe3 Qc2+ 45. Qe2 Qxe2+ 46. Kxe2
Re8+ 47. Kf2 Kc8 48. Kg3 Kd7 1/2-1/2

[Event "N3_Gr_12"]
[Site "?"]
[Date "2004.03.14"]
[Round "7.8"]
[White "Rieunier, Roger"]
[Black "Lageyre, Pascal"]
[Result "0-1"]
[WhiteElo "1560"]
[BlackElo "1890"]
[PlyCount "38"]
[EventDate "2004.??.??"]

1. e4 e6 2. d4 d5 3. e5 c5 4. c3 Nc6 5. f4 Qb6 6. Nf3 Bd7 7. Be2 Rc8 8. O-O Nh6
9. Kh1 cxd4 10. cxd4 Nf5 11. Nc3 Ncxd4 12. Nxd4 Qxd4 13. Qb3 Qb4 14. Qd1 a6 15.
Bd3 Rxc3 16. Bxf5 Rxc1 17. Rxc1 exf5 18. Qxd5 Be6 19. Qd3 Be7 0-1

[Event "N3_Gr_12"]
[Site "?"]
[Date "2004.03.14"]
[Round "7.9"]
[White "Cordonnier, Agnes"]
[Black "Deat, Gaelle"]
[Result "1-0"]
[WhiteElo "1650"]
[BlackElo "1240"]
[PlyCount "79"]
[EventDate "2004.??.??"]

1. e4 e6 2. d4 d5 3. Nd2 Nf6 4. e5 Nfd7 5. Bd3 Bb4 6. c3 Ba5 7. Ne2 O-O 8. O-O
c5 9. Nf3 f6 10. exf6 Nxf6 11. c4 Bb6 12. Bf4 Nc6 13. dxc5 Bxc5 14. Rc1 Nh5 15.
Bg5 Ne7 16. cxd5 Qxd5 17. Nc3 Qd7 18. Re1 Nd5 19. Nxd5 Qxd5 20. Bc4 Qf5 21. Be2
b6 22. Qc2 Qf7 23. Bd3 g6 24. Bh6 Ng7 25. Re2 Bb7 26. Be4 Bd5 27. Bxd5 exd5 28.
Qd2 Rfe8 29. Rce1 Red8 30. b4 Bd6 31. Qd4 Nf5 32. Qd2 Qf6 33. Bg5 Qf8 34. Bxd8
Rxd8 35. Qxd5+ Kh8 36. Qb3 Bxb4 37. Rd1 Be7 38. Rxd8 Bxd8 39. Qa4 a5 40. Re8
1-0

[Event "N3_Gr_12"]
[Site "?"]
[Date "2004.03.14"]
[Round "7.2"]
[White "Saucey, Michel"]
[Black "Garon, Pierre"]
[Result "1-0"]
[WhiteElo "2331"]
[BlackElo "2009"]
[PlyCount "92"]
[EventDate "2004.??.??"]

1. d4 d5 2. c4 e6 3. Nc3 Nf6 4. Nf3 Be7 5. Bg5 O-O 6. e3 h6 7. Bh4 b6 8. Bd3
Bb7 9. O-O Nbd7 10. Qe2 c5 11. Bg3 Ne4 12. Rfd1 cxd4 13. exd4 Nxg3 14. hxg3 Nf6
15. Ne5 Rc8 16. Rac1 Bd6 17. a3 dxc4 18. Bxc4 Nd5 19. Ne4 Bb8 20. Rc2 Qe7 21.
Rdc1 Rc7 22. Ba6 Rfc8 23. Bxb7 Rxc2 24. Rxc2 Rxc2 25. Qxc2 Qxb7 26. Qc6 Qxc6
27. Nxc6 Bc7 28. Nxa7 Kf8 29. Kf1 Ke8 30. Nb5 Kd7 31. Nxc7 Kxc7 32. Ke2 Kc6 33.
Kd3 f5 34. Nc3 Nf6 35. a4 Ng4 36. f3 Nf6 37. b4 Nh5 38. Ne2 Nf6 39. Nf4 Kd6 40.
a5 bxa5 41. bxa5 g5 42. a6 Nd7 43. Ng6 Kc6 44. Ne5+ Nxe5+ 45. dxe5 Kb6 46. Kc4
Kxa6 1-0

[Event "N3_Gr_12"]
[Site "?"]
[Date "2004.03.14"]
[Round "7.3"]
[White "Valla, Nicolas"]
[Black "Fantin, Ludwig"]
[Result "0-1"]
[WhiteElo "1980"]
[BlackElo "2187"]
[PlyCount "114"]
[EventDate "2004.??.??"]

1. e4 c5 2. c3 Qa5 3. Nf3 Nc6 4. Bc4 d6 5. O-O Nf6 6. d3 e6 7. Na3 a6 8. Qe2
Qc7 9. Bb3 b5 10. Bg5 Be7 11. d4 c4 12. Bc2 e5 13. d5 Nd8 14. h3 h6 15. Be3 O-O
16. Nh2 Nd7 17. Ng4 Bg5 18. Kh2 Nf6 19. Nxf6+ Bxf6 20. f3 Nb7 21. g3 Re8 22. f4
exf4 23. gxf4 Nc5 24. Qf3 Bb7 25. Bd4 Nd7 26. Rg1 Bxd4 27. cxd4 f6 28. Qh5 Nf8
29. Qxh6 Bxd5 30. exd5 Re2+ 31. Kh1 b4 32. Bd1 Re1 33. Qh5 Rxg1+ 34. Kxg1 bxa3
35. bxa3 Qb6 36. Rc1 Qxd4+ 37. Kh1 Rb8 38. Qe2 Rb2 39. Rc2 Qxd5+ 40. Kh2 Rxc2
41. Bxc2 Qd4 42. Kg3 d5 43. a4 Qc3+ 44. Kh4 Qd4 45. Kg3 a5 46. Bf5 Qb6 47. Qd2
Qg1+ 48. Kf3 d4 49. Qxa5 Qe3+ 50. Kg4 g6 51. Qd5+ Kg7 52. Bc8 f5+ 53. Bxf5
gxf5+ 54. Kxf5 Qxh3+ 55. Ke4 Qg2+ 56. Kxd4 Qxd5+ 57. Kxd5 c3 0-1

[Event "N3_Gr_12"]
[Site "?"]
[Date "2004.03.14"]
[Round "7.4"]
[White "Flouzat, Jean-Marc"]
[Black "Dequidt, Adrien"]
[Result "1-0"]
[WhiteElo "2189"]
[BlackElo "1920"]
[PlyCount "105"]
[EventDate "2004.??.??"]

1. d4 d5 2. Bf4 e6 3. e3 Nd7 4. c4 Ne7 5. Nc3 c6 6. Nf3 Ng6 7. Bg3 f5 8. Rc1
Nf6 9. Ne5 Bd6 10. cxd5 exd5 11. f4 O-O 12. Be2 Ne4 13. Nxe4 fxe4 14. O-O Ne7
15. Bh4 Qe8 16. Bxe7 Qxe7 17. Kh1 Be6 18. a3 a5 19. Qd2 Rf6 20. g4 Kh8 21. g5
Rff8 22. Qe1 c5 23. Qh4 Bxe5 24. dxe5 c4 25. Bg4 g6 26. Rfd1 b5 27. Qh3 Bxg4
28. Qxg4 Qc5 29. Rd4 Rf5 30. Qd1 Rff8 31. Qd2 Rfd8 32. Rd1 b4 33. Rxd5 Rxd5 34.
Qxd5 Qxd5 35. Rxd5 c3 36. bxc3 bxa3 37. Kg2 a2 38. Rd1 Rb8 39. Ra1 Rb2+ 40. Kg3
Kg7 41. c4 Kf7 42. c5 Ke7 43. c6 Ke6 44. c7 Kd7 45. Rc1 Kc8 46. e6 Rb6 47. Ra1
Kxc7 48. Rxa2 Ra6 49. Ra4 Kd8 50. f5 Ke7 51. Kf4 Rb6 52. Rxa5 gxf5 53. Kxf5 1-0

[Event "N3_Gr_12"]
[Site "?"]
[Date "2004.03.14"]
[Round "7.5"]
[White "Licata, Luc"]
[Black "Perrot, Pierre"]
[Result "1-0"]
[WhiteElo "1880"]
[BlackElo "2057"]
[PlyCount "89"]
[EventDate "2004.??.??"]

1. d4 d5 2. Nf3 Nf6 3. Bf4 c6 4. e3 Bg4 5. Be2 Qb6 6. Qc1 e6 7. O-O Nbd7 8.
Nbd2 Be7 9. h3 Bh5 10. c4 O-O 11. c5 Qd8 12. Qc2 Bg6 13. Bd3 Bxd3 14. Qxd3 Nh5
15. Bh2 g6 16. b4 b6 17. a4 Re8 18. a5 Bf6 19. g4 Ng7 20. g5 Be7 21. axb6 axb6
22. h4 bxc5 23. bxc5 f6 24. Rxa8 Qxa8 25. Qc3 fxg5 26. hxg5 Bd8 27. Ra1 Qb7 28.
Qa3 Bc7 29. Bxc7 Qxc7 30. Qa7 Qc8 31. Ne5 Nxe5 32. dxe5 Qd8 33. f4 d4 34. Ne4
Rf8 35. Nf6+ Kh8 36. Qd7 dxe3 37. Ra7 Qxd7 38. Rxd7 Ra8 39. Kf1 Ra1+ 40. Ke2
Ra2+ 41. Kxe3 Nf5+ 42. Kd3 Rh2 43. Kc3 Ne3 44. Kb4 h5 45. Rh7# 1-0

[Event "N3_Gr_12"]
[Site "?"]
[Date "2004.03.14"]
[Round "7.7"]
[White "Pupier, Terry"]
[Black "Bertin, Jean-Loup"]
[Result "0-1"]
[WhiteElo "1790"]
[BlackElo "1960"]
[PlyCount "90"]
[EventDate "2004.??.??"]

1. e4 e6 2. d4 d5 3. Nc3 Bb4 4. e5 Ne7 5. Nf3 c5 6. a3 Bxc3+ 7. bxc3 Nbc6 8.
Bd3 Qa5 9. Bd2 Qa4 10. Be3 cxd4 11. cxd4 b6 12. Qe2 a6 13. O-O Nf5 14. Bxf5
exf5 15. c4 Be6 16. Rfd1 O-O 17. Ng5 Ne7 18. Nxe6 fxe6 19. Bg5 Rf7 20. Bxe7
Rxe7 21. cxd5 exd5 22. Qf3 Qd7 23. Rac1 Ree8 24. Qb3 Re6 25. Rc3 Rc6 26. Rdc1
Rac8 27. h3 b5 28. Qb4 Rc4 29. Rxc4 dxc4 30. Qd2 Rd8 31. Rd1 Qd5 32. Qa5 f4 33.
f3 h6 34. Qd2 Rf8 35. Kf2 Rc8 36. Qxf4 c3 37. Qf5 Qa2+ 38. Kg3 Rf8 39. Qb1 Qxa3
40. Qa1 Qxa1 41. Rxa1 b4 42. Rc1 Rd8 43. e6 Rxd4 44. e7 Kf7 45. Re1 Ke8 0-1